| 000 | 00493nam a2200217Ia 4500 | ||
|---|---|---|---|
| 008 | 210210b1939 xxu||||| |||| 00| 0 eng d | ||
| 041 | _aeng | ||
| 082 | _a335/360 | ||
| 100 | _a- | ||
| 245 | _aReport on progress of agriculture in Mysore | ||
| 260 |
_aBangalore _bGovernment Press _c1939 |
||
| 650 | _aReport | ||
| 650 | _aprogress | ||
| 650 | _aon | ||
| 650 | _aof | ||
| 650 | _aMysore | ||
| 650 | _ain | ||
| 650 | _aagriculture | ||
| 690 | _aIndian Economics | ||
| 906 | _a004702 | ||
| 999 |
_c127721 _d127721 |
||